000
00295nam a22001337a 4500
008
170411b xxu||||| |||| 00| 0 eng d
020
_a
9780763738068
041
_a
eng
080
_a
612.39
100
_a
10
101
_a
SHM
245
_a
NUTRITION EDUCATION
_c
CONTENTO, I.R
942
_2
udc
_c
BK
999
_c
10449
_d
10449